History Quiz

Random History or Year Quiz
Score 0/22 Timer 05:00
1 Play Today
Events Year % Correct
Bush v. Gore; Slobodan Milošević resigns presidency of Yugoslavia2000
92.2%
US and allied forces invade Iraq; Space Shuttle Columbia breaks apart on re-entry2003
86.5%
Germany reunified; NASA launches Hubble Space Telescope1990
85%
Sporcle debuts; Cristina Fernández de Kirchner elected Argentina's first female president2007
83.9%
Benedict XVI becomes first pope in six centuries to resign office; Sporcle tops 1 billion plays2013
82.9%
Warsaw Ghetto Uprising; German 6th Army surrenders at Stalingrad1943
81.8%
Kyrgyzstan gains independence; Warsaw Pact dissolved1991
81.8%
Battle of Midway between US and Japan; Disney's Bambi released in theaters1942
81%
George Washington re-elected President of US; King Louis XVI arrested, French monarchy abolished1792
75.1%
First modern Olympics held in Athens; Alfred Nobel dies, leaves fortune to establish Nobel Prizes1896
72.8%
Panama declares independence from Colombia; First World Series Played1903
71.9%
Events Year % Correct
Great Chilean Earthquake, magnitude 9.5; Soviet Union shoots down American U-2 spy plane1960
71.3%
Leif Eriksson sails from Greenland for Norway; Hungary unified under King Stephen I1000
69%
John Muir founds Sierra Club; James Naismith publishes the rules of basketball1892
68.1%
Henry VIII of England born; Final battle of Spanish Reconquista - the Siege of Granada - begins1491
63.7%
Treaty of Paris signed, ending Crimean War; Sigmund Freud born1856
59.8%
Robert Walpole resigns as Britain's first Prime Minister; Handel's Messiah debuts in Dublin1742
59.4%
Sweyn I of Denmark invades England; Construction begins on Bṛhadīśvara temple in southern India1003
58.7%
Anselm becomes a monk; King Henry I of France dies1060
55.9%
US Commodore Matthew Perry sails into Tokyo Bay to open trade negotiations; Mexico and US reach agreement on Gadsden Purchase1853
55.1%
Askia the Great becomes ruler of Songhai Empire; Pope divides New World between Portugal and Spain1493
53%
Turks conquer Constantinople; Hundred Years War ends1453
51%
Remove Ads.
Support Sporcle.
Get the best of Sporcle when you Go Orange. This ad-free experience offers more features, more stats, and more fun while also helping to support Sporcle. Thank you for becoming a member.

You're not logged in!

Compare scores with friends on all Sporcle quizzes.
OR
Log In

Show Comments

Extras

Top Quizzes Today


Score Distribution

Your Account Isn't Verified!

In order to create a playlist on Sporcle, you need to verify the email address you used during registration. Go to your Sporcle Settings to finish the process.

Report this User

Report this user for behavior that violates our Community Guidelines.

Details: